000 01370nam0a22003131 4500
001 rc\4294131
005 20260407093820.0
021 _aRU
_b71-РК-2211/6
021 _aRU
_bРг2842-72
035 _a(NLR Aleph) 008253949
090 _a8353844
_c8353844
100 _a20130416g1968 |||y0rusy50 ca
101 0 _arus
102 _aRU
105 _ay z |||||
200 1 _aИнтенсивное выращивание на мясо молодняка крупного рогатого скота
_fУральский науч.-исслед. ин-т сельск. хоз-ва
210 _aСвердловск
_cБ. и.
_d1968-
215 _a5 с.
_d20
225 1 _aНаука - производству!
300 _aВ конце текста авт.: кандидаты с.-х. наук Ю.М. Бурдин, В.А. Иванов
700 1 _aБурдин
_bЮ. М.
_gЮрий Михайлович
701 1 _7ca
_8rus
_aИванов
_bВ. А.
_cд-р с.-х. наук, молочное скотоводство
_gВалерий Александрович
_9267818
_3RU\NLR\AUTH\770267874
712 0 2 _aУральский НИИ сельского хозяйства
_cСвердловск
_3RU\NLR\AUTH\889917448
_9331064
801 0 _aRU
_bNLR
_gpsbo
801 1 _aRU
_bELAR
_2rusmarc
852 _aNLR
_j72-4/3523
942 _cBOOK
980 _aNB